[Event "IPCA Wch 21st"]
[Site "Ashdod"]
[Date "2022.05.15"]
[Round "8"]
[White "Aleksandrova, Aleksandra"]
[Black "Cosic, Radoslav"]
[Result "1-0"]
[WhiteElo "1687"]
[BlackElo "2003"]
[PlyCount "93"]
[EventDate "2022.05.09"]
[EventType "swiss"]
[EventRounds "9"]
[EventCountry "ISR"]
[SourceTitle "CBM 208 Extra"]
[Source "ChessBase"]
[SourceDate "2022.07.31"]
[SourceVersion "1"]
[SourceVersionDate "2022.07.31"]
[SourceQuality "1"]

1. d4 Nf6 2. Nd2 d5 3. e3 e6 4. Bd3 c5 5. c3 Nc6 6. f4 Bd6 7. g3 h5 8. a4 Ng4 9. Ndf3 f5 10. Ne5 0-0 11. h3 Nf6 12. Ng6 Rf7 13. Nf3 c4 14. Bc2 Ne7 15. Nge5 Rf8 16. Nh4 Qe8 17. g4 hxg4 18. hxg4 Bxe5 19. g5 Bxf4 20. exf4 Ng4 21. Qf3 Kf7 22. Bd2 Bd7 23. Ke2 Rh8 24. g6+ Kf6 25. Rag1 Rxh4 26. Rxh4 Nxg6 27. Rhxg4 Ne7 28. Rxg7 Qh8 29. Qg3 Qh5+ 30. Ke1 Rh8 31. Bd1 Qh4 32. Be3 Qxg3+ 33. R1xg3 a5 34. Bg1 Bc6 35. Kf2 Rh4 36. Ke3 Rh1 37. R7g5 Be8 38. Bf3 Rh8 39. Rg2 Bxa4 40. Rh2 Rxh2 41. Bxh2 Bc2 42. Bg3 Be4 43. Bh5 e5 44. dxe5+ Ke6 45. Bh4 b5 46. Rg7 d4+ 47. Kxd4 1-0

[Event "IPCA Wch 21st"]
[Site "Ashdod"]
[Date "2022.05.10"]
[Round "2"]
[White "Obodchuk, Andrei"]
[Black "Cosic, Radoslav"]
[Result "1-0"]
[WhiteElo "2295"]
[BlackElo "2003"]
[PlyCount "91"]
[EventDate "2022.05.09"]
[EventType "swiss"]
[EventRounds "9"]
[EventCountry "ISR"]
[SourceTitle "CBM 208 Extra"]
[Source "ChessBase"]
[SourceDate "2022.07.31"]
[SourceVersion "1"]
[SourceVersionDate "2022.07.31"]
[SourceQuality "1"]

1. e4 g6 2. d4 d6 3. Nc3 Bg7 4. Nf3 Nf6 5. Bf4 Bg4 6. Qd2 Bxf3 7. gxf3 Nc6 8. d5 Ne5 9. Be2 h5 10. 0-0-0 c6 11. Be3 Qa5 12. Kb1 a6 13. h3 cxd5 14. Nxd5 Qxd2 15. Rxd2 Nxd5 16. Rxd5 Nd7 17. Rdd1 Rc8 18. f4 Nc5 19. Bf3 b5 20. Rhg1 Bf6 21. Rd5 Ne6 22. e5 dxe5 23. fxe5 Bh4 24. a4 Rc4 25. b3 Rc3 26. Kb2 b4 27. Be2 0-0 28. Bxh5 Rfc8 29. Bd1 Kh7 30. Rg4 g5 31. Rxb4 R3c6 32. Rd7 a5 33. Rb5 g4 34. hxg4 Nf8 35. Rd2 Ng6 36. Rxa5 Rc3 37. Rd3 R3c6 38. c4 f6 39. exf6 Bxf6+ 40. Ka2 Re6 41. Bc2 Kg7 42. Rh5 Ne5 43. g5 Nxd3 44. gxf6+ exf6 45. Bxd3 Rd6 46. Rd5 1-0

[Event "Zagreb Hulak Memorial op 3rd"]
[Site "Zagreb"]
[Date "2018.12.01"]
[Round "1"]
[White "Cosic, Radoslav"]
[Black "Cvitan, Ognjen"]
[Result "0-1"]
[WhiteElo "1976"]
[BlackElo "2503"]
[PlyCount "100"]
[EventDate "2018.12.01"]
[EventType "swiss"]
[EventRounds "9"]
[EventCountry "CRO"]
[SourceTitle "CBM 187 Extra"]
[Source "ChessBase"]
[SourceDate "2018.11.04"]
[SourceVersion "1"]
[SourceVersionDate "2018.11.04"]
[SourceQuality "1"]

1. Nf3 Nf6 2. b3 g6 3. Bb2 Bg7 4. g3 d6 5. Bg2 c5 6. d3 Nc6 7. 0-0 0-0 8. Nbd2 e5 9. e3 Qc7 10. Nc4 b5 11. Na3 Rb8 12. c4 a6 13. Nh4 Re8 14. e4 Qd8 15. Bc1 Bg4 16. f3 Bd7 17. Nc2 h6 18. Ne3 Nd4 19. Bb2 a5 20. Rf2 Rf8 21. Bc3 b4 22. Bxd4 cxd4 23. Nf1 Ne8 24. a4 Nc7 25. Bh1 Ne6 26. Rc2 h5 27. Rb1 Bh6 28. Ng2 Kh7 29. Rbb2 Qe7 30. h4 f5 31. Nh2 Nc5 32. Re2 f4 33. gxf4 Bxf4 34. Nf1 Rf7 35. Rf2 Rbf8 36. Qe2 Bc1 37. Rb1 Bh6 38. Nh2 Bh3 39. Nf1 Ne6 40. Qd1 Bxg2 41. Bxg2 Qxh4 42. Rbb2 Bf4 43. Rbe2 Bg3 44. c5 Nxc5 45. Nxg3 Qxg3 46. Kf1 Ne6 47. Rc2 Ng5 48. Qc1 Nxf3 49. Bxf3 Rxf3 50. Rc7+ Kg8 0-1

[Event "Zagreb Damjanovic Memorial 2nd"]
[Site "Zagreb"]
[Date "2018.07.18"]
[Round "3"]
[White "Frouth, Nenad"]
[Black "Cosic, Radoslav"]
[Result "1-0"]
[WhiteElo "2155"]
[BlackElo "1976"]
[PlyCount "63"]
[EventDate "2018.07.16"]
[EventType "swiss"]
[EventRounds "9"]
[EventCountry "CRO"]
[SourceTitle "EXT 2019"]
[Source "ChessBase"]
[SourceDate "2018.10.10"]
[SourceVersion "1"]
[SourceVersionDate "2018.10.10"]
[SourceQuality "1"]

1. e4 g6 2. d4 d6 3. Bc4 Bg7 4. Nc3 Nc6 5. Nf3 Nf6 6. h3 0-0 7. Be3 Nd7 8. Qd2 a6 9. a4 Nb6 10. Be2 d5 11. e5 Nc4 12. Bxc4 dxc4 13. 0-0 b6 14. Bh6 Nb4 15. Bxg7 Kxg7 16. d5 Bb7 17. Rad1 a5 18. Ng5 h6 19. Nge4 Qd7 20. Qd4 Nxc2 21. Qxc4 Nb4 22. Rd2 Rac8 23. Rfd1 Kh7 24. Ng3 c5 25. d6 Bc6 26. Qh4 Rce8 27. Nce4 Kg7 28. dxe7 Qxe7 29. Nf6 Bxa4 30. Re1 Bb5 31. Re3 c4 32. Nf5+ 1-0

[Event "Zagreb Hulak Memorial op 2nd"]
[Site "Zagreb"]
[Date "2017.11.30"]
[Round "1"]
[White "Spasov, Vasil"]
[Black "Cosic, Radoslav"]
[Result "1-0"]
[WhiteElo "2493"]
[BlackElo "2008"]
[PlyCount "81"]
[EventDate "2017.11.30"]
[EventType "swiss"]
[EventRounds "9"]
[EventCountry "CRO"]
[SourceTitle "EXT 2019"]
[Source "ChessBase"]
[SourceDate "2018.10.10"]
[SourceVersion "1"]
[SourceVersionDate "2018.10.10"]
[SourceQuality "1"]

1. e4 d6 2. d4 Nf6 3. Nc3 g6 4. g3 Bg7 5. Bg2 0-0 6. Nge2 c6 7. 0-0 Qa5 8. h3 e5 9. Be3 Nbd7 10. f4 Ne8 11. dxe5 dxe5 12. f5 b5 13. a3 Qc7 14. g4 Nd6 15. b3 f6 16. Ng3 Nf7 17. h4 Bh6 18. Bxh6 Nxh6 19. Qf3 Qd6 20. Kh1 Qe7 21. Rad1 Nf7 22. fxg6 hxg6 23. h5 Ng5 24. Qe2 Kg7 25. hxg6 Kxg6 26. Nh5 Nc5 27. Rf2 Nce6 28. Nd5 cxd5 29. exd5 Nc5 30. b4 Na4 31. d6 Qe6 32. Qd3+ e4 33. Nf4+ Kf7 34. Nxe6 exd3 35. Nxg5+ Kg6 36. Bxa8 Bxg4 37. Rxd3 Rxa8 38. Ne4 f5 39. Nc5 Nb6 40. d7 Rd8 41. Ne6 1-0

[Event "CRO-chT2 Center 25th"]
[Site "Croatia"]
[Date "2016.04.10"]
[Round "4.44"]
[White "Cosic, Radoslav"]
[Black "Pavic, Filip"]
[Result "1/2-1/2"]
[WhiteElo "2131"]
[BlackElo "2237"]
[PlyCount "22"]
[EventDate "2016.03.13"]
[EventType "team-tourn"]
[EventRounds "11"]
[EventCountry "CRO"]
[SourceTitle "EXT 2019"]
[Source "ChessBase"]
[SourceDate "2018.10.10"]
[SourceVersion "1"]
[SourceVersionDate "2018.10.10"]
[SourceQuality "1"]

1. Nf3 d5 2. d4 Nf6 3. Bf4 e6 4. Nbd2 Bd6 5. Bxd6 Qxd6 6. c3 Nbd7 7. e3 e5 8. dxe5 Nxe5 9. Nxe5 Qxe5 10. Be2 0-0 11. h3 c6 1/2-1/2

[Event "CRO-chT2 Center 25th"]
[Site "Croatia"]
[Date "2016.03.13"]
[Round "1.55"]
[White "Cosic, Radoslav"]
[Black "Lasic, Luka"]
[Result "0-1"]
[WhiteElo "2131"]
[BlackElo "2120"]
[PlyCount "92"]
[EventDate "2016.03.13"]
[EventType "team-tourn"]
[EventRounds "11"]
[EventCountry "CRO"]
[SourceTitle "EXT 2019"]
[Source "ChessBase"]
[SourceDate "2018.10.10"]
[SourceVersion "1"]
[SourceVersionDate "2018.10.10"]
[SourceQuality "1"]

1. Nf3 Nf6 2. g3 d6 3. Bg2 e5 4. d3 Be7 5. Nc3 c6 6. 0-0 Bg4 7. h3 Be6 8. Ng5 Bd7 9. d4 h6 10. dxe5 hxg5 11. exd6 Bf8 12. Bxg5 Bxh3 13. Bxh3 Rxh3 14. Ne4 Nbd7 15. e3 Qa5 16. Bxf6 gxf6 17. Qg4 Qh5 18. Qxd7+ Kxd7 19. Nxf6+ Kxd6 20. Nxh5 Rxh5 21. c4 Bg7 22. Rad1+ Ke7 23. Rd2 Rd8 24. Rc2 Rh6 25. Re1 Rhd6 26. Ree2 Rd1+ 27. Kg2 a5 28. f4 Ra1 29. a3 Rdd1 30. e4 Re1 31. e5 Rxe2+ 32. Rxe2 Rc1 33. b3 Rc3 34. Rb2 Ke6 35. Kh3 Kf5 36. b4 a4 37. b5 c5 38. Rd2 Rxa3 39. Rd7 Kg6 40. Rc7 Rc3 41. Rxc5 a3 42. Rc8 a2 43. Ra8 Rc2 44. Kg4 f5+ 45. Kh3 Bf8 46. g4 Bc5 0-1

[Event "CRO-chT2 Center"]
[Site "Croatia"]
[Date "2015.03.22"]
[Round "1.2"]
[White "Cosic, Radoslav"]
[Black "Markovic, Vjeran"]
[Result "1-0"]
[WhiteElo "2134"]
[BlackElo "2186"]
[PlyCount "65"]
[EventDate "2015.03.22"]
[EventType "team-tourn"]
[EventRounds "11"]
[EventCountry "CRO"]
[SourceTitle "EXT 2016"]
[Source "ChessBase"]
[SourceDate "2015.10.08"]
[SourceVersion "1"]
[SourceVersionDate "2015.10.08"]
[SourceQuality "1"]

1. e4 d6 2. d4 Nf6 3. Nc3 g6 4. Bc4 Bg7 5. Nf3 0-0 6. Bb3 Nc6 7. h3 e5 8. dxe5 dxe5 9. Bg5 Be6 10. Qxd8 Nxd8 11. Bxf6 Bxf6 12. Nd5 Bxd5 13. Bxd5 Re8 14. 0-0-0 Kf8 15. Rd3 c6 16. Bb3 Re7 17. Rhd1 Ne6 18. Bxe6 Rxe6 19. Rd7 Re7 20. R7d6 Bg7 21. c3 Rc7 22. Kc2 Ke8 23. R6d3 b5 24. a3 a5 25. h4 h5 26. g3 Bf6 27. R3d2 Raa7 28. Rd3 Rd7 29. Rd6 Be7 30. Rxd7 Rxd7 31. Rxd7 Kxd7 32. Nxe5+ Kc7 33. Kd3 1-0

[Event "Zagreb op-B"]
[Site "Zagreb"]
[Date "2009.03.28"]
[Round "8"]
[White "Cosic, Radoslav"]
[Black "Pecnik, Leo"]
[Result "0-1"]
[WhiteElo "2144"]
[BlackElo "2277"]
[PlyCount "72"]
[EventDate "2009.03.21"]
[EventType "swiss"]
[EventRounds "9"]
[EventCountry "CRO"]
[SourceTitle "CBM 129 Extra"]
[Source "ChessBase"]
[SourceDate "2009.05.05"]
[SourceVersion "2"]
[SourceVersionDate "2009.05.20"]
[SourceQuality "1"]

1. Nf3 c5 2. g3 Nc6 3. Bg2 g6 4. 0-0 Bg7 5. Nc3 e5 6. d3 d6 7. Nd5 Nge7 8. Bg5 h6 9. Nxe7 Nxe7 10. Bd2 0-0 11. c3 d5 12. Qc1 Kh7 13. e4 dxe4 14. dxe4 Be6 15. b3 Qc7 16. Ne1 c4 17. b4 Rad8 18. Be3 b6 19. a4 f5 20. f3 f4 21. Bf2 h5 22. a5 b5 23. Ra2 Bh6 24. gxf4 Bxf4 25. Be3 a6 26. Kh1 Qd7 27. Bxf4 exf4 28. Re2 Nc6 29. Nc2 Qg7 30. Ne1 Qe5 31. Rg1 Rd6 32. Bf1 Rfd8 33. h4 Rd1 34. Qb2 Qf6 35. Rg5 Ne5 36. Qc2 Kh6 0-1

[Event "Zagreb op-B"]
[Site "Zagreb"]
[Date "2008.05.18"]
[Round "8"]
[White "Ognjacevic, Alen"]
[Black "Cosic, Radoslav"]
[Result "0-1"]
[WhiteElo "2080"]
[BlackElo "2167"]
[PlyCount "102"]
[EventDate "2008.05.12"]
[EventType "swiss"]
[EventRounds "9"]
[EventCountry "CRO"]
[SourceTitle "CBM 124 Extra"]
[Source "ChessBase"]
[SourceDate "2008.07.03"]
[SourceVersion "1"]
[SourceVersionDate "2008.07.03"]
[SourceQuality "1"]

1. e4 d6 2. d4 g6 3. Nc3 Bg7 4. Nf3 Nh6 5. Bf4 f6 6. Bc4 Nf7 7. Qe2 e6 8. e5 0-0 9. 0-0-0 d5 10. Bxd5 exd5 11. e6 Re8 12. exf7+ Kxf7 13. Qd3 Na6 14. Rde1 c6 15. Rxe8 Kxe8 16. Re1+ Kf7 17. Qe3 Bf8 18. h4 h5 19. Bh6 Bd6 20. Bf4 Be7 21. Bg3 Bf8 22. Qf4 Bf5 23. Nd1 Kg7 24. Qe3 Nb4 25. Re2 Nxa2+ 26. Kb1 Nb4 27. Qb3 a5 28. Ne3 Bd7 29. c3 a4 30. Qd1 Na6 31. Qxa4 Nc5 32. Qc2 Qa5 33. Kc1 Ne4 34. Bf4 Qb5 35. Kb1 Nxc3+ 36. Qxc3 Qxe2 37. Bg3 Kh7 38. Qb3 Kh8 39. Qc2 Qxc2+ 40. Kxc2 Bh6 41. Nf1 Bf5+ 42. Kc3 Ra1 43. N1d2 Rc1+ 44. Kb3 Bd3 45. Bd6 Kg8 46. Bb4 Kf7 47. Ka2 Ke6 48. Nb3 Bc4 49. Nfd2 Bxd2 50. Bxd2 Rd1 51. Bc3 Rd3 0-1

[Event "Zagreb op-B"]
[Site "Zagreb"]
[Date "2008.05.17"]
[Round "7"]
[White "Cosic, Radoslav"]
[Black "Ognjan, Renato"]
[Result "1-0"]
[WhiteElo "2167"]
[BlackElo "2129"]
[PlyCount "230"]
[EventDate "2008.05.12"]
[EventType "swiss"]
[EventRounds "9"]
[EventCountry "CRO"]
[SourceTitle "CBM 124 Extra"]
[Source "ChessBase"]
[SourceDate "2008.07.03"]
[SourceVersion "1"]
[SourceVersionDate "2008.07.03"]
[SourceQuality "1"]

1. e4 c6 2. d3 d5 3. Nd2 e5 4. Ngf3 Bd6 5. Be2 Nf6 6. 0-0 0-0 7. c3 c5 8. Re1 dxe4 9. dxe4 Bg4 10. Qc2 h6 11. Nc4 Bxf3 12. Bxf3 Bc7 13. Be3 Qe7 14. Rad1 Nc6 15. Nd2 Rfd8 16. Nf1 b6 17. b3 Rxd1 18. Rxd1 Rd8 19. Re1 Qe6 20. Ng3 Ne7 21. Be2 Ng4 22. Bc1 Nf6 23. h3 Kf8 24. Bc4 Qc6 25. a4 Ng6 26. Qe2 Qd7 27. Nf5 Ne7 28. Ng3 Qc6 29. Kh2 Qd7 30. Qf3 Qc6 31. Re3 Qd6 32. Re1 Qc6 33. Nh5 Rd6 34. Ng3 Rd8 35. Re3 Bb8 36. Rd3 Rxd3 37. Qxd3 Qd6 38. Qf3 Bc7 39. Nh5 Neg8 40. Ng3 Ne7 41. Kg1 Bd8 42. Kf1 Qc6 43. Ke2 Qd6 44. Ke1 Qc6 45. Qd3 Qd7 46. Qe2 Qc6 47. Bd2 Ng6 48. Bb5 Qe6 49. Qd3 Bc7 50. Bc4 Qd7 51. Qxd7 Nxd7 52. Nf5 Nf6 53. f3 Ne7 54. Ne3 Nc6 55. Bd3 Ke7 56. Kd1 Nd8 57. Nf5+ Kf8 58. Bc4 Nc6 59. Kc2 Ne7 60. Ne3 Nh5 61. Be1 g6 62. Ng4 Kg7 63. Bd2 Ng8 64. Bf1 f5 65. exf5 gxf5 66. Ne3 f4 67. Ng4 Ng3 68. Bd3 h5 69. Nf2 Nh6 70. Nd1 Kf6 71. Be1 Nhf5 72. Kd2 Kg5 73. Bf2 Nh1 74. Bxf5 Kxf5 75. Kd3 Bd8 76. Be1 a6 77. c4 Bf6 78. Nc3 Bd8 79. Nd5 h4 80. Nc3 Be7 81. Ne4 Ke6 82. Ke2 Kf5 83. Kf1 Bd8 84. Ke2 Be7 85. Kd3 Ke6 86. Ke2 Bd8 87. Kd3 Be7 88. Kd2 Bd8 89. Nc3 Kf5 90. Ne4 Be7 91. Ke2 Bd8 92. Kd3 Be7 93. a5 bxa5 94. Bxa5 Ng3 95. Nc3 Nf1 96. Nd5 Ke6 97. Be1 Bd8 98. Bf2 Kd6 99. Nc3 Ng3 100. Na4 Nf5 101. Bxc5+ Ke6 102. Bf2 Be7 103. Nb6 Bd8 104. Nd5 Nd6 105. Nb4 a5 106. Nc6 Bc7 107. Bxh4 Kf5 108. Ne7+ Ke6 109. Nd5 Bb8 110. Be1 Nb7 111. Bf2 Kf5 112. Bb6 Bd6 113. Nc3 Bb4 114. Nd5 Be1 115. c5 Ke6 1-0

[Event "Zagreb op"]
[Site "Zagreb"]
[Date "2007.03.20"]
[Round "4"]
[White "Kovacic, Damir"]
[Black "Cosic, Radoslav"]
[Result "1-0"]
[WhiteElo "2004"]
[BlackElo "2205"]
[PlyCount "79"]
[EventDate "2007.03.17"]
[EventType "swiss"]
[EventRounds "9"]
[EventCountry "CRO"]
[SourceTitle "CBM 117 Extra"]
[Source "ChessBase"]
[SourceDate "2007.05.09"]
[SourceVersion "1"]
[SourceVersionDate "2007.05.09"]
[SourceQuality "1"]

1. e4 d6 2. d4 Nf6 3. Nc3 g6 4. g3 Bg7 5. Bg2 0-0 6. Nge2 c6 7. 0-0 e5 8. d5 Na6 9. h3 Nc7 10. Be3 cxd5 11. Nxd5 Nfxd5 12. exd5 f5 13. Qd2 Rf7 14. c4 b6 15. Rac1 Qf8 16. b4 Bb7 17. Rfd1 Rd7 18. Rc2 h6 19. h4 Kh7 20. Qc1 Qf7 21. a4 Rg8 22. c5 dxc5 23. bxc5 bxc5 24. d6 Bxg2 25. Kxg2 Ne6 26. Bxc5 f4 27. gxf4 Rf8 28. f3 g5 29. hxg5 hxg5 30. Qe3 gxf4 31. Rh1+ Kg8 32. Qd3 Ng5 33. Nc3 Rc8 34. Nd5 Bf8 35. Qb3 Ne6 36. Ne7+ Bxe7 37. dxe7 Rdc7 38. Kf1 Ng7 39. Rh8+ Kxh8 40. Qxf7 1-0

[Event "Zagreb op"]
[Site "Zagreb"]
[Date "2007.03.19"]
[Round "3"]
[White "Cosic, Radoslav"]
[Black "Vidic, Mihajlo"]
[Result "1-0"]
[WhiteElo "2205"]
[BlackElo "2000"]
[PlyCount "143"]
[EventDate "2007.03.17"]
[EventType "swiss"]
[EventRounds "9"]
[EventCountry "CRO"]
[SourceTitle "CBM 117 Extra"]
[Source "ChessBase"]
[SourceDate "2007.05.09"]
[SourceVersion "1"]
[SourceVersionDate "2007.05.09"]
[SourceQuality "1"]

1. e4 d6 2. d4 Nf6 3. Nc3 e5 4. Nge2 Be7 5. g3 Nbd7 6. Bg2 c6 7. 0-0 0-0 8. h3 h6 9. a4 a5 10. f4 exd4 11. Nxd4 Qb6 12. Kh2 Re8 13. Nf5 Qc7 14. Nxe7+ Rxe7 15. b3 Nf8 16. Ba3 Rd7 17. Qf3 Ng6 18. Rad1 b6 19. Rf2 Bb7 20. Rfd2 Rad8 21. h4 Ne8 22. h5 Nf8 23. Bh3 Ne6 24. Bf5 Qb8 25. Qg4 Re7 26. e5 Nc5 27. Bxc5 bxc5 28. Ne4 d5 29. Nxc5 Bc8 30. Bxc8 Qxc8 31. Qf3 Nc7 32. Nd3 Ne6 33. Nf2 Rf8 34. Nh3 Nc5 35. Nf2 f5 36. Re2 Ne4 37. Rg1 Qe8 38. c4 Nf6 39. cxd5 cxd5 40. Rd1 Nxh5 41. Red2 g5 42. Rxd5 g4 43. Qc3 Qg6 44. Kg2 Ng7 45. Rd6 Ne6 46. Qxa5 h5 47. Rh1 Rh7 48. Qd5 Re8 49. Nd3 Qf7 50. b4 Rh6 51. Nc5 h4 52. Nxe6 h3+ 53. Kh2 Rhxe6 54. Rxe6 Rxe6 55. Rc1 Kg7 56. Rc5 Qe8 57. Rc7+ Re7 58. Rxe7+ Qxe7 59. Qd2 Qa7 60. a5 Qb7 61. Qb2 Qa7 62. e6+ Kg6 63. b5 Qxa5 64. b6 Qa8 65. b7 Qb8 66. Qb6 Kf6 67. Qd4+ Kg6 68. e7 Kh7 69. Qd7 Kg6 70. e8Q+ Kh6 71. Qh5+ Kxh5 72. Qh7# 1-0

[Event "Velika Gorica op 6th"]
[Site "Velika Gorica"]
[Date "2006.08.25"]
[Round "8"]
[White "Grobelsek, Ana"]
[Black "Cosic, Radoslav"]
[Result "0-1"]
[WhiteElo "2111"]
[BlackElo "2220"]
[PlyCount "168"]
[EventDate "2006.08.19"]
[EventType "swiss"]
[EventRounds "9"]
[EventCountry "CRO"]
[SourceTitle "CBM 113 Extra"]
[Source "ChessBase"]
[SourceDate "2006.09.14"]
[SourceVersion "1"]
[SourceVersionDate "2006.09.14"]
[SourceQuality "1"]

1. e4 Nc6 2. Nf3 g6 3. d4 d6 4. Be3 Bg7 5. Nc3 Bg4 6. Bb5 a6 7. Bxc6+ bxc6 8. 0-0 a5 9. h3 Bd7 10. Qd2 a4 11. a3 Qb8 12. Rab1 e6 13. b3 axb3 14. Rxb3 Qa7 15. Rfb1 Ne7 16. Bg5 f6 17. Bh6 0-0 18. Bxg7 Kxg7 19. Rb7 Qa5 20. e5 fxe5 21. dxe5 d5 22. Ne4 Qxd2 23. Nexd2 Rfe8 24. Rxc7 Bc8 25. Nd4 Kf8 26. Nxc6 Nxc6 27. Rxc6 Rxa3 28. Nf3 Ra7 29. Rb4 Bd7 30. Rcb6 Rc7 31. Nd4 Ke7 32. Kf1 Ra8 33. Ke2 Ra5 34. Rd6 Rac5 35. Rbb6 Rc4 36. Nxe6 Rxc2+ 37. Kf3 R7c3+ 38. Kg4 Bc8 39. Kg5 Rxf2 40. Nf4 h6+ 41. Kxh6 Rxf4 42. Rxg6 Rh4+ 43. Kg7 Rc7 44. Rgf6 Kd8+ 45. Kg6 Rh8 46. Rbd6+ Ke8 47. Rxd5 Rg8+ 48. Kh6 Rxg2 49. h4 Rgg7 50. Rg6 Rh7+ 51. Kg5 Rc1 52. h5 Rg1+ 53. Kf4 Rf1+ 54. Ke3 Bf5 55. Rg5 Be6 56. Rd6 Ke7 57. Rb6 Rhf7 58. Rb7+ Bd7 59. Rg6 R1f3+ 60. Ke2 R3f5 61. h6 Rxe5+ 62. Kd2 Kf8 63. Rb8+ Be8 64. Rd6 Rf2+ 65. Kd3 Rh2 66. Kd4 Re1 67. Rdb6 Rd2+ 68. Kc3 Rh2 69. Kd4 Rh5 70. Kc3 Rh4 71. Kd2 Re5 72. Kd3 Rd5+ 73. Ke3 Ke7 74. R8b7+ Bd7 75. Kf3 Rd3+ 76. Ke2 Ra3 77. Kf2 Rhh3 78. Kg2 Ra2+ 79. Kg1 Re3 80. Rb1 Kd6 81. R7b4 Ra8 82. R4b2 Rg8+ 83. Rg2 Rh8 84. Rg6+ Ke5 0-1

[Event "Velika Gorica op 6th"]
[Site "Velika Gorica"]
[Date "2006.08.21"]
[Round "4"]
[White "Svrtan, Zlatko"]
[Black "Cosic, Radoslav"]
[Result "0-1"]
[WhiteElo "2064"]
[BlackElo "2220"]
[PlyCount "96"]
[EventDate "2006.08.19"]
[EventType "swiss"]
[EventRounds "9"]
[EventCountry "CRO"]
[SourceTitle "CBM 113 Extra"]
[Source "ChessBase"]
[SourceDate "2006.09.14"]
[SourceVersion "1"]
[SourceVersionDate "2006.09.14"]
[SourceQuality "1"]

1. e4 Nc6 2. d4 e5 3. Nf3 exd4 4. Nxd4 Qf6 5. Nxc6 dxc6 6. Bd3 h5 7. h4 Bg4 8. f3 Be6 9. Nc3 Bc5 10. g3 b5 11. a3 Qd4 12. Qe2 Ne7 13. Nd1 Ng6 14. Be3 Qd6 15. Bxc5 Qxc5 16. Qe3 Qe7 17. f4 Bd7 18. c4 0-0 19. 0-0 Rfe8 20. Nf2 a5 21. Rfc1 b4 22. c5 Nf8 23. a4 g6 24. Re1 f6 25. Re2 Rad8 26. Rae1 Qg7 27. Qc1 Kh8 28. Qc2 Ne6 29. Re3 Nd4 30. Qb1 Bg4 31. Kg2 Qe7 32. Nxg4 hxg4 33. Qc1 Nf3 34. Rd1 f5 35. e5 Rd5 36. h5 Rxc5 37. Qb1 g5 38. Bxf5 gxf4 39. gxf4 b3 40. Rxb3 Nh4+ 41. Kg3 Qf7 42. Bxg4 Qxb3+ 43. Kxh4 Rc2 44. Rh1 Rg8 45. Qf1 Qxb2 46. Rh3 Rf2 47. Qc4 Rg2 48. Rg3 Qf2 0-1

[Event "Zagreb op"]
[Site "Zagreb"]
[Date "2006.01.17"]
[Round "4"]
[White "Jovanic, Ognjen"]
[Black "Cosic, Radoslav"]
[Result "1-0"]
[WhiteElo "2469"]
[BlackElo "2190"]
[PlyCount "77"]
[EventDate "2006.01.14"]
[EventType "swiss"]
[EventRounds "9"]
[EventCountry "CRO"]
[SourceTitle "CBM 110 Extra"]
[Source "ChessBase"]
[SourceDate "2006.03.10"]
[SourceVersion "2"]
[SourceVersionDate "2006.03.10"]
[SourceQuality "1"]

1. d4 d5 2. c4 Nc6 3. Nf3 e6 4. Nc3 Bb4 5. e3 Nf6 6. Bd2 Bxc3 7. Bxc3 Ne4 8. Rc1 0-0 9. Bd3 f5 10. Qb3 Rf6 11. g3 Rh6 12. Bf1 g5 13. Bg2 Ne7 14. h4 c6 15. Nxg5 Rg6 16. Nh3 dxc4 17. Qxc4 Nd5 18. Nf4 Rg7 19. Qd3 Ndf6 20. Bf3 Qe7 21. Nh5 Nxh5 22. Bxh5 Qd6 23. Bf3 Nf6 24. Qc4 Nd5 25. Qc5 Qd8 26. Bd2 a5 27. h5 h6 28. a3 Kh7 29. e4 Nf6 30. Qe5 Bd7 31. Qf4 Ng8 32. Rc5 Qb6 33. Bc3 Re7 34. 0-0 Rae8 35. Re1 Qd8 36. Rxa5 b5 37. Ra7 e5 38. dxe5 Rf8 39. Bb4 1-0

[Event "Zagreb op"]
[Site "Zagreb"]
[Date "2006.01.16"]
[Round "3"]
[White "Cosic, Radoslav"]
[Black "Saric, Ante"]
[Result "1-0"]
[WhiteElo "2190"]
[BlackElo "2437"]
[PlyCount "70"]
[EventDate "2006.01.14"]
[EventType "swiss"]
[EventRounds "9"]
[EventCountry "CRO"]
[SourceTitle "CBM 110 Extra"]
[Source "ChessBase"]
[SourceDate "2006.03.10"]
[SourceVersion "2"]
[SourceVersionDate "2006.03.10"]
[SourceQuality "1"]

1. Nf3 Nf6 2. d4 e6 3. c3 b6 4. Bg5 Bb7 5. Nbd2 h6 6. Bh4 d6 7. e3 g5 8. Bg3 Nh5 9. e4 Qe7 10. e5 Nd7 11. Nc4 Nxg3 12. exd6 cxd6 13. hxg3 Bg7 14. Qa4 0-0 15. Ne3 f5 16. Bc4 a6 17. Qc2 Be4 18. Qe2 b5 19. Bb3 Bxf3 20. gxf3 Rae8 21. Kf1 d5 22. Re1 Qd6 23. Qd3 Nf6 24. Kg2 f4 25. Nf1 g4 26. fxg4 fxg3 27. f3 Ne4 28. Rxe4 dxe4 29. Qxe4 Rf4 30. Qg6 Kf8 31. Nxg3 Rf6 32. Ne4 Rxg6 33. Nxd6 Rb8 34. Ne4 a5 35. Bc2 Ke7 1-0

[Event "Velika Gorica op 5th"]
[Site "Velika Gorica"]
[Date "2005.08.26"]
[Round "8"]
[White "Kinez, Ivo"]
[Black "Cosic, Radoslav"]
[Result "1-0"]
[WhiteElo "2101"]
[BlackElo "2208"]
[PlyCount "121"]
[EventDate "2005.08.20"]
[EventType "swiss"]
[EventRounds "9"]
[EventCountry "CRO"]
[SourceTitle "CBM 108 Extra"]
[Source "ChessBase"]
[SourceDate "2005.11.04"]
[SourceVersion "1"]
[SourceVersionDate "2005.11.04"]
[SourceQuality "1"]

1. e4 e6 2. d4 b6 3. Nf3 Bb7 4. Bd3 Nf6 5. e5 Ne4 6. Qe2 d5 7. exd6 Nxd6 8. 0-0 Be7 9. c4 0-0 10. Re1 Bf6 11. Nc3 c5 12. dxc5 bxc5 13. Ne5 Nf5 14. Bf4 Nc6 15. Nxc6 Bxc6 16. Bxf5 exf5 17. Be5 Re8 18. f4 Bxe5 19. fxe5 Qg5 20. Nd5 Rac8 21. Qf2 h5 22. Rad1 h4 23. Rd3 Rcd8 24. b3 Re6 25. Nf6+ gxf6 26. Rxd8+ Kh7 27. Rd6 fxe5 28. Rxe6 fxe6 29. Rxe5 Be4 30. h3 Qe7 31. Qxc5 Qg7 32. Rxe4 fxe4 33. Qh5+ Kg8 34. Qxh4 Qd4+ 35. Kh2 Kf7 36. Qf4+ Ke7 37. h4 Qd3 38. Qg5+ Kd7 39. Qg7+ Ke8 40. h5 e3 41. h6 e2 42. Qe5 Kd7 43. c5 Qd2 44. c6+ Kxc6 45. Qxe6+ Kc5 46. Qe7+ Kc6 47. Qe8+ Kc5 48. Qf8+ Kc6 49. h7 e1Q 50. h8Q Qd6+ 51. Qxd6+ Kxd6 52. Qb8+ Kc6 53. Qg3 Qa1 54. Qf3+ Kb6 55. Qf2+ Ka6 56. g4 Qe5+ 57. Kh3 Qh8+ 58. Kg2 Qe5 59. a4 Qd5+ 60. Qf3 Qd2+ 61. Kg3 1-0

[Event "Velika Gorica op 5th"]
[Site "Velika Gorica"]
[Date "2005.08.25"]
[Round "7"]
[White "Cosic, Radoslav"]
[Black "Bozinovic, Bogdan"]
[Result "0-1"]
[WhiteElo "2208"]
[BlackElo "2305"]
[PlyCount "92"]
[EventDate "2005.08.20"]
[EventType "swiss"]
[EventRounds "9"]
[EventCountry "CRO"]
[SourceTitle "CBM 108 Extra"]
[Source "ChessBase"]
[SourceDate "2005.11.04"]
[SourceVersion "1"]
[SourceVersionDate "2005.11.04"]
[SourceQuality "1"]

1. e4 c5 2. b3 Nc6 3. Bb2 e5 4. Bb5 Nge7 5. Nf3 d6 6. a4 a6 7. Bc4 Ng6 8. Nc3 Nf4 9. 0-0 Bg4 10. Nd5 Nxd5 11. exd5 Nd4 12. Bxd4 cxd4 13. h3 Bh5 14. Be2 Bg6 15. Re1 Be7 16. c3 dxc3 17. dxc3 0-0 18. b4 Rc8 19. Qb3 f5 20. c4 Bf6 21. Rad1 b6 22. Nh2 a5 23. g4 Bh4 24. Rf1 Qf6 25. bxa5 bxa5 26. Qc3 fxg4 27. Nxg4 Qg5 28. Kh1 h5 29. Rg1 hxg4 30. Rxg4 Qh6 31. Rdg1 Bh7 32. f4 Bf6 33. Qe3 Rce8 34. Bf1 Bf5 35. c5 Bxg4 36. Rxg4 exf4 37. Qf2 dxc5 38. d6 Re3 39. Qg2 f3 40. Qf2 Rd8 41. Qd2 Bd4 42. Qxa5 Rxd6 43. Qd2 Qe6 44. Qa5 Qxg4 45. Qa8+ Kh7 46. Qf8 Re1 0-1